[Event "Titled Tue 3rd Jan Late"]
[Site "chess.com INT"]
[Date "2025.06.03"]
[Round "3"]
[White "Naranjo Moreno, Antonio"]
[Black "Askarov, Bakhtiyar"]
[Result "0-1"]
[WhiteTitle "FM"]
[BlackTitle "IM"]
[WhiteElo "2289"]
[BlackElo "2300"]
[WhiteFideId "2278626"]
[BlackFideId "13701100"]
[EventDate "2025.06.03"]

1. e4 c5 2. Nf3 g6 3. d4 cxd4 4. Nxd4 Bg7 5. Nc3 Nc6 6. Be3 Nf6 7. Nxc6 bxc6 8.
e5 Ng8 9. Bd4 Nh6 10. e6 O-O 11. Bxg7 Kxg7 12. Qd4+ f6 13. exd7 Qxd7 14. Qxd7
Bxd7 15. O-O-O Rfd8 16. h3 Be6 17. Ba6 Rab8 18. a3 Nf5 19. Ne4 Bd5 20. Nc5 Kg8
21. f3 Ne3 22. Rde1 Nxg2 23. Rxe7 Bxf3 24. Rf1 Nh4 25. Nd7 Rxd7 26. Rxd7 f5 27.
Bc4+ Kh8 28. Rxa7 g5 29. Re1 Be4 30. Rd1 f4 31. Re7 Bg6 32. a4 Nf5 33. Re5 Ne3
34. Rd4 Nxc2 35. Rd7 f3 36. Bd3 f2 37. Bf1 Nb4 38. a5 Ra8 39. a6 Rxa6 40. Rxg5
Ra1+ 41. Kd2 Rxf1 42. Ke2 Re1+ 43. Kxf2 Re8 44. Rc7 Nd3+ 45. Kg2 Nf4+ 46. Kg3
Ne6 47. Rxg6 hxg6 48. Rxc6 Kg7 49. b4 Kf6 50. b5 Rb8 51. b6 Kf5 52. Kf3 Nd4+ 0-1

[Event "Titled Tue 3rd Jan Late"]
[Site "chess.com INT"]
[Date "2025.06.03"]
[Round "3"]
[White "Walmer, Benjamin"]
[Black "Araujo Filho, Luiz Antonio Coel"]
[Result "1-0"]
[WhiteElo "1990"]
[BlackElo "2077"]
[WhiteFideId "30958164"]
[BlackFideId "2130661"]
[EventDate "2025.06.03"]

1. Nf3 f5 2. b4 Nf6 3. Bb2 g6 4. e3 Bg7 5. c4 O-O 6. Be2 d6 7. d4 Qe8 8. a4 Nbd7
9. a5 e5 10. O-O c6 11. Nc3 e4 12. Nd2 h6 13. b5 g5 14. Qb3 c5 15. Na4 b6 16.
Nb1 Kh8 17. Bc3 f4 18. Qb2 Qf7 19. Nd2 Bb7 20. a6 Bc8 21. f3 fxe3 22. Nxe4 Nxe4
23. fxe4 Qg6 24. dxc5 dxc5 25. Rxf8+ Nxf8 26. Bxg7+ Qxg7 27. Qxg7+ Kxg7 28. Ra3
Ne6 29. Rxe3 Nd4 30. Nc3 Be6 31. Nd5 Rf8 32. Bd1 Rf7 33. h3 Kg6 34. Be2 h5 35.
Bd3 Kh6 36. e5 g4 37. hxg4 hxg4 38. Nf6 Kg5 39. Ne4+ Kf4 40. Re1 Rh7 41. Nf6 Rh8
42. Re4+ Kg3 43. Re3+ Kf4 44. Re4+ Kg3 45. Re3+ Kf4 46. Re1 g3 47. Nd5+ Kg5 48.
Ne3 Re8 49. Nf1 Kh4 50. Re4+ Kg5 51. Nxg3 1-0

[Event "Titled Tue 3rd Jan Late"]
[Site "chess.com INT"]
[Date "2025.06.03"]
[Round "3"]
[White "Sailer, Mike"]
[Black "Medina Paz, Miguel"]
[Result "0-1"]
[BlackTitle "IM"]
[WhiteElo "2108"]
[BlackElo "2368"]
[WhiteFideId "2012901"]
[BlackFideId "7300379"]
[EventDate "2025.06.03"]

1. d4 Nf6 2. Nf3 g6 3. Bf4 Bg7 4. e3 O-O 5. Be2 d6 6. O-O Nbd7 7. h3 b6 8. c4
Bb7 9. Nc3 e6 10. b4 Ne4 11. Nxe4 Bxe4 12. Rc1 a5 13. b5 Qe7 14. Nd2 Bb7 15. Bf3
Bxf3 16. Qxf3 e5 17. Bh2 exd4 18. exd4 Bxd4 19. Rfe1 Qf6 20. Qe2 Rae8 21. Ne4
Rxe4 22. Qxe4 Bxf2+ 23. Kh1 Bxe1 24. Rxe1 Ne5 25. Bxe5 dxe5 26. Qxe5 Qxe5 27.
Rxe5 Rd8 28. Re7 Rd1+ 29. Kh2 Rd2 30. Rxc7 Rxa2 31. Rb7 Rc2 32. Rxb6 Rxc4 33.
Ra6 a4 34. b6 Rb4 35. b7 Rxb7 36. Rxa4 Rb3 37. Ra7 Kg7 38. Rc7 h5 39. Ra7 g5 40.
Rc7 Kg6 41. Rc6+ f6 42. Rc8 g4 43. hxg4 hxg4 44. Rc5 f5 45. Rc4 Kg5 46. Rc1 Re3
47. Rb1 Kh4 48. Ra1 f4 49. Rf1 g3+ 50. Kg1 Kg4 51. Ra1 Rd3 52. Rb1 Kf5 0-1

[Event "Titled Tue 3rd Jan Late"]
[Site "chess.com INT"]
[Date "2025.06.03"]
[Round "3"]
[White "Mendes Aaron Reeve"]
[Black "Matta, Vinay Kumar"]
[Result "1-0"]
[WhiteTitle "IM"]
[BlackTitle "FM"]
[WhiteElo "2335"]
[BlackElo "2120"]
[WhiteFideId "25954938"]
[BlackFideId "5016649"]
[EventDate "2025.06.03"]

1. c3 e5 2. d4 exd4 3. cxd4 d5 4. Nc3 Nf6 5. Nf3 Be7 6. Bf4 O-O 7. h3 Bb4 8. e3
c5 9. dxc5 Ne4 10. Qd4 Nc6 11. Qd3 Nxc5 12. Qc2 Qa5 13. a3 Bf5 14. Qd1 Bxc3+ 15.
bxc3 Qxc3+ 16. Nd2 Nb3 17. g4 Bc2 18. Rc1 Nxc1 19. Qxc1 d4 20. Bc4 dxe3 21. fxe3
Rad8 22. Rh2 Rfe8 23. Re2 Ne5 24. Bb5 Rxd2 25. Rxd2 Nf3+ 26. Kf2 Nxd2 27. Bxe8
Ne4+ 28. Kg2 Nd6 29. Kg3 Nxe8 30. Qh1 Nf6 31. Qxb7 Ne4+ 32. Kh4 Qf6+ 33. g5 Qd8
34. Qc6 h6 35. Qxc2 hxg5+ 36. Kg4 gxf4 37. Qxe4 fxe3 38. Qxe3 Qd7+ 39. Kg3 g6
40. h4 Kg7 41. h5 Qe6 42. Qxa7 Qb3+ 43. Kh4 Qc4+ 44. Kg5 Qd5+ 45. Kf4 Qxh5 46.
Qd4+ Kg8 47. Qd8+ Kh7 48. Qf6 Qf5+ 49. Qxf5 gxf5 50. a4 Kg8 51. a5 Kf8 52. a6
Ke7 53. a7 Ke6 54. a8=Q Kf6 55. Qc6+ Kg7 56. Kxf5 1-0

[Event "Titled Tue 3rd Jan Late"]
[Site "chess.com INT"]
[Date "2025.06.03"]
[Round "3"]
[White "Amdouni, Zoubaier"]
[Black "Montiel, Angel Nathanael"]
[Result "0-1"]
[WhiteTitle "FM"]
[BlackTitle "CM"]
[WhiteElo "2226"]
[BlackElo "2011"]
[WhiteFideId "5500419"]
[BlackFideId "3706923"]
[EventDate "2025.06.03"]

1. e4 e6 2. d4 d5 3. Bd3 dxe4 4. Bxe4 Nf6 5. Bf3 c6 6. Bf4 Be7 7. Ne2 O-O 8. O-O
Nd5 9. Bg3 Bd6 10. c4 Nf6 11. Nbc3 Bxg3 12. hxg3 Qe7 13. Re1 Rd8 14. Qc2 Na6 15.
Rad1 Rb8 16. Nf4 Bd7 17. Nd3 Nb4 18. Nxb4 Qxb4 19. b3 b5 20. c5 Qa5 21. g4 Qc7
22. g5 Nd5 23. Ne4 Qf4 24. Qd3 Nb4 25. Qe2 e5 26. g3 Qf5 27. Nd6 Qxg5 28. dxe5
Be6 29. Rd4 Nd5 30. Rh4 h6 31. Kg2 a5 32. Reh1 a4 33. Rh5 Qe7 34. Qe4 axb3 35.
axb3 Nc3 36. Qd3 b4 37. Bxc6 Bxb3 38. Rxh6 gxh6 39. Rxh6 Qxe5 40. Qh7+ Kf8 41.
Be4 Qg7 42. Qh8+ Qxh8 43. Rxh8+ Ke7 44. Rh7 Rxd6 45. cxd6+ Kxd6 46. Rh6+ Kc5 47.
Rc6+ Kd4 48. Bf3 Bd5 49. Rd6 Kc4 50. Bxd5+ Nxd5 51. Rc6+ Kd4 52. Rd6 f6 0-1

[Event "Titled Tue 3rd Jan Late"]
[Site "chess.com INT"]
[Date "2025.06.03"]
[Round "3"]
[White "Navoyan, Gagik"]
[Black "Ozalp, Burak"]
[Result "1/2-1/2"]
[WhiteTitle "CM"]
[BlackTitle "CM"]
[WhiteElo "2186"]
[BlackElo "2059"]
[WhiteFideId "13314866"]
[BlackFideId "6314210"]
[EventDate "2025.06.03"]

1. e4 g6 2. d4 Bg7 3. Nc3 d6 4. Be3 Nc6 5. Qd2 e5 6. Nge2 exd4 7. Nxd4 Nf6 8. f3
Bd7 9. O-O-O a6 10. g4 Bxg4 11. Nxc6 bxc6 12. fxg4 Nxg4 13. Bf4 Qf6 14. Bg2 O-O
15. Rhf1 Qe7 16. h3 Ne5 17. Bh6 Nc4 18. Qf4 Be5 19. Qf3 Rfb8 20. b3 Na3 21. Bf4
Bg7 22. e5 Nb5 23. a4 dxe5 24. Nxb5 axb5 25. Bd2 Qa3+ 26. Kb1 e4 27. Qxf7+ Kh8
28. Qxg7+ Kxg7 29. Bc3+ Kh6 30. Bd2+ g5 31. Rf6+ Kg7 32. Bc3 bxa4 33. Rd7+ Kg8
34. Rff7 Rxb3+ 35. cxb3 Qxb3+ 36. Bb2 Qxf7 37. Rxf7 Kxf7 38. Bxe4 h5 39. Bxc6
Ra6 40. Bf3 g4 41. hxg4 hxg4 42. Bxg4 a3 43. Bc3 a2+ 44. Ka1 Ke7 45. Be2 Ra7 46.
Bc4 Ra4 47. Bxa2 Rxa2+ 48. Kxa2 c5 49. Kb3 c4+ 50. Kb4 Ke6 51. Bd4 Kd7 52. Bc3
Ke6 53. Ka4 Kf5 54. Kb4 Kg4 55. Bb2 Kf5 56. Kc3 Ke6 57. Bc1 Kf5 58. Kxc4 1/2-1/2

[Event "Titled Tue 3rd Jan Late"]
[Site "chess.com INT"]
[Date "2025.06.03"]
[Round "3"]
[White "Przybylski, Wojciech"]
[Black "Barwinska, Ewa"]
[Result "1-0"]
[WhiteTitle "FM"]
[BlackTitle "WFM"]
[WhiteElo "2340"]
[BlackElo "2014"]
[WhiteFideId "1117599"]
[BlackFideId "21833761"]
[EventDate "2025.06.03"]

1. d4 d5 2. Nf3 Nf6 3. g3 b6 4. Bg2 c5 5. O-O e6 6. a4 Be7 7. a5 Bb7 8. c3 O-O
9. Bf4 Nc6 10. a6 Bc8 11. Nbd2 Na5 12. Qb1 Bxa6 13. b4 Bxe2 14. bxa5 Bxf1 15.
Bxf1 bxa5 16. Ne5 Qb6 17. Qa2 cxd4 18. cxd4 Qxd4 19. Nb3 Qb6 20. Nxa5 Bc5 21.
Nd3 Ne4 22. Nxc5 Qxc5 23. Rc1 Qb6 24. Be3 d4 25. Nc4 Qd8 26. Bf4 Nc3 27. Qc2 f6
28. Bd6 Re8 29. Bb4 Nd5 30. Ba5 Qd7 31. Bd3 h6 32. Qe2 Rac8 33. Qe4 f5 34. Qxd4
Qb5 35. Bd2 e5 36. Qa1 e4 37. Bf1 Nb4 38. Nd6 Rxc1 39. Bxc1 Qd7 40. Nxe8 Qxe8
41. Qxa7 Nd5 42. Qd4 Nf6 43. Bc4+ Kh7 44. Bf4 Qg6 45. h3 Nh5 46. Be5 Qg5 47. Qe3
Qg6 48. Bd5 Nf6 49. Bxf6 Qxf6 50. Qc5 Qa1+ 51. Kg2 Qf6 52. Bc6 Qe5 53. Qxe5 1-0

[Event "Titled Tue 3rd Jan Late"]
[Site "chess.com INT"]
[Date "2025.06.03"]
[Round "3"]
[White "Ahmad, Khagan"]
[Black "Jing, Andrew"]
[Result "1-0"]
[WhiteTitle "IM"]
[BlackTitle "FM"]
[WhiteElo "2405"]
[BlackElo "2254"]
[WhiteFideId "13431552"]
[BlackFideId "30984076"]
[EventDate "2025.06.03"]

1. d4 Nf6 2. c4 g6 3. Nc3 Bg7 4. e4 d6 5. Nf3 O-O 6. Be2 e5 7. O-O Bg4 8. d5 a5
9. Ne1 Bd7 10. Nd3 Na6 11. Be3 b6 12. f3 Nh5 13. a3 Nc5 14. b4 axb4 15. axb4
Rxa1 16. Qxa1 Nb3 17. Qa7 Nd4 18. Bxd4 exd4 19. Nb5 Bxb5 20. cxb5 Qb8 21. Ra1
Nf6 22. Qxb8 Rxb8 23. Ra7 Rc8 24. g3 Kf8 25. Bf1 Nd7 26. Bh3 Ke7 27. Kf2 Kd8 28.
Ke2 Rb8 29. Bxd7 Kxd7 30. Nf4 Be5 31. Kd3 h5 32. Ne2 Rh8 33. f4 Bg7 34. h4 f5
35. Nxd4 Bxd4 36. Kxd4 fxe4 37. Ra3 Ke7 38. Rc3 Rc8 39. Kxe4 Kf6 40. Kf3 Kf5 41.
Ra3 Re8 42. Ra7 Re7 43. Ra8 Kf6 44. Rc8 Kf7 45. Rb8 Kf6 46. Ra8 Kf7 47. Ra3 Re1
48. Rc3 Re7 49. Re3 Rd7 50. f5 gxf5 51. Kf4 Rd8 52. Kxf5 Rg8 53. Rc3 Rc8 54. Kg5
Ke7 55. Kxh5 Kd7 56. Kg4 Rg8+ 57. Kh3 Rg7 58. Rc4 Rf7 59. h5 Rf5 60. h6 Rf6 61.
h7 Rf8 62. Rh4 Rh8 63. Kg4 Ke7 64. Kg5 Kf7 65. Kh6 Kf6 66. Rf4+ Ke5 67. Kg7 1-0

[Event "Titled Tue 3rd Jan Late"]
[Site "chess.com INT"]
[Date "2025.06.03"]
[Round "3"]
[White "Raptis, Nick"]
[Black "Loskutova, Viktoriya"]
[Result "0-1"]
[WhiteTitle "FM"]
[BlackTitle "WFM"]
[WhiteElo "2220"]
[BlackElo "2066"]
[WhiteFideId "2016850"]
[BlackFideId "34166278"]
[EventDate "2025.06.03"]

1. d4 Nf6 2. Nc3 d5 3. Bg5 c5 4. e4 Nxe4 5. Nxe4 dxe4 6. dxc5 Qa5+ 7. c3 Qxc5 8.
Qa4+ Nc6 9. Be3 Qa5 10. Qxe4 g6 11. Nf3 Bg7 12. Qc4 Be6 13. Qc5 Qxc5 14. Bxc5
O-O 15. Be2 Rfd8 16. O-O Rd7 17. a4 Na5 18. Bb5 Rc7 19. Bd4 Bc4 20. Rfe1 b6 21.
Bxg7 Kxg7 22. Ne5 Bxb5 23. axb5 Rd8 24. Rad1 Rxd1 25. Rxd1 Rc5 26. b4 Rxe5 27.
bxa5 Rxb5 28. axb6 axb6 29. g3 Rb2 30. Rd7 Kf6 31. Rb7 g5 32. g4 e6 33. Kg2 Rb3
34. f3 Rxc3 35. Rxb6 Rc2+ 36. Kg3 Re2 37. h4 gxh4+ 38. Kxh4 Kg6 39. Kg3 Ra2 40.
Rb8 Ra4 41. Rg8+ Kf6 42. Rb8 Kg6 43. Rg8+ Kf6 44. Rh8 Kg7 45. Rc8 Ra3 46. Rc2 e5
47. Rb2 e4 48. Kf4 exf3 49. Rf2 Kg6 50. Kg3 Kg5 51. Rf1 Ra4 52. Rh1 Rxg4+ 53.
Kxf3 h5 54. Rd1 Ra4 55. Rd8 Ra3+ 56. Kg2 f5 57. Kh2 Kh4 58. Rg8 Ra2+ 59. Kg1 f4
60. Kh1 Ra3 61. Kh2 Rh3+ 62. Kg2 Rg3+ 63. Rxg3 fxg3 64. Kh1 Kg4 65. Kg1 h4 66.
Kh1 h3 67. Kg1 Kf3 68. Kh1 g2+ 69. Kg1 h2+ 70. Kxh2 Kf2 71. Kh3 g1=Q 72. Kh4 Qg6
73. Kh3 Qg3# 0-1

[Event "Titled Tue 3rd Jan Late"]
[Site "chess.com INT"]
[Date "2025.06.03"]
[Round "3"]
[White "Ugarte Soto, Cesar"]
[Black "Uzuner, Tufan Can"]
[Result "1-0"]
[WhiteTitle "CM"]
[BlackTitle "CM"]
[WhiteElo "2088"]
[BlackElo "1886"]
[WhiteFideId "3601331"]
[BlackFideId "6300499"]
[EventDate "2025.06.03"]

1. d4 Nf6 2. Bf4 e6 3. e3 b6 4. Nf3 c5 5. c3 Be7 6. Nbd2 cxd4 7. exd4 O-O 8. Bd3
Ba6 9. Qe2 Bxd3 10. Qxd3 d6 11. O-O Qc8 12. Bg5 Na6 13. Rfe1 Nc7 14. Rad1 b5 15.
a3 Re8 16. h4 Qd7 17. Bxf6 Bxf6 18. Ne4 Be7 19. Neg5 g6 20. h5 Nd5 21. Qe4 Nf6
22. Qf4 Rf8 23. hxg6 hxg6 24. g3 Kg7 25. Kg2 Nd5 26. Qd2 Rh8 27. Rh1 Bf6 28. Ne4
Rxh1 29. Rxh1 Rh8 30. Rxh8 Kxh8 31. Qh6+ Kg8 32. a4 a6 33. axb5 axb5 34. b3 Bg7
35. Qg5 Qe7 36. Qxe7 Nxe7 37. Nxd6 Bf8 38. Nxb5 Nd5 39. c4 Nb4 40. Ne5 Kg7 41.
Na7 Bd6 42. Nec6 Nc2 43. c5 Bc7 44. b4 Kf8 45. b5 Ke8 46. b6 Kd7 47. bxc7 Kxc7
48. Kf3 f5 49. g4 g5 50. gxf5 exf5 51. Ke2 g4 52. Kd3 f4 53. Kxc2 g3 54. fxg3
fxg3 55. Ne5 g2 56. Nf3 Kb7 57. Nb5 Kc6 58. Nc3 Kd7 59. Kd3 Ke6 60. Ke4 Kf6 61.
d5 Ke7 62. Ke5 Kd7 63. c6+ Kc7 64. Nb5+ Kb6 65. c7 g1=Q 66. Nxg1 Kb7 67. d6 Kc8
68. Nf3 Kb7 69. Nfd4 Kc8 70. Na7+ Kb7 71. c8=Q+ Kb6 72. Qc6+ Ka5 73. Qb5# 1-0

[Event "Titled Tue 3rd Jan Late"]
[Site "chess.com INT"]
[Date "2025.06.03"]
[Round "3"]
[White "Alekseev, Evgeny"]
[Black "Robert, Yoann"]
[Result "1-0"]
[WhiteTitle "GM"]
[BlackTitle "CM"]
[WhiteElo "2516"]
[BlackElo "2198"]
[WhiteFideId "4138147"]
[BlackFideId "36018805"]
[EventDate "2025.06.03"]

1. e4 c5 2. Nf3 Nc6 3. d4 cxd4 4. Nxd4 Nf6 5. Nc3 e5 6. Ndb5 h6 7. Nd6+ Bxd6 8.
Qxd6 Qe7 9. Qxe7+ Kxe7 10. Be3 d6 11. f3 Be6 12. O-O-O a6 13. b3 Rac8 14. Kb2
Nb8 15. Be2 Rc7 16. Rd2 Rhc8 17. Na4 Nbd7 18. c4 Rc6 19. Rhd1 Ne8 20. Nc3 Nc5
21. f4 f6 22. g3 Rb8 23. h4 b5 24. cxb5 axb5 25. Bxb5 Rxb5 26. Nxb5 Nxe4 27. Rc2
Rxc2+ 28. Kxc2 Nxg3 29. fxe5 fxe5 30. a4 Nf5 31. Bf2 Bd7 32. Nc3 Nc7 33. b4 Ke6
34. b5 d5 35. b6 Na6 36. Kb3 d4 37. Nb5 Bc6 38. Rc1 Bd5+ 39. Ka3 e4 40. Nxd4+
Nxd4 41. Bxd4 g5 42. hxg5 hxg5 43. Rg1 Kf5 44. Rf1+ Kg4 45. Rf6 Kg3 46. Rd6 Ba8
47. Rd8 Bc6 48. Rc8 Bd5 49. Rd8 Bc6 50. Rd6 Ba8 51. Kb3 g4 52. Kc4 Kf3 53. Kb5
e3 54. Bxe3 Kxe3 55. Kxa6 g3 56. Rg6 g2 57. b7 Bxb7+ 58. Kxb7 Kf2 59. a5 g1=Q
60. Rxg1 Kxg1 1-0

[Event "Titled Tue 3rd Jan Late"]
[Site "chess.com INT"]
[Date "2025.06.03"]
[Round "3"]
[White "Bouchet, Sebastien"]
[Black "Povshednyi, Ivan"]
[Result "0-1"]
[WhiteTitle "CM"]
[BlackTitle "FM"]
[WhiteElo "2180"]
[BlackElo "2320"]
[WhiteFideId "623571"]
[BlackFideId "14190907"]
[EventDate "2025.06.03"]

1. e4 c5 2. c3 d5 3. exd5 Qxd5 4. d4 e6 5. Nf3 Nf6 6. Be2 Be7 7. Na3 a6 8. Nc4
Nbd7 9. Ne3 Qc6 10. O-O O-O 11. Ne5 Qc7 12. N3c4 b5 13. Bf3 Bb7 14. Nxd7 Nxd7
15. Bxb7 Qxb7 16. Ne5 Nxe5 17. dxe5 Rfd8 18. Qg4 Qd5 19. Re1 Qd3 20. Bh6 Qg6 21.
Qxg6 fxg6 22. Be3 g5 23. Rad1 Kf7 24. g3 Kg6 25. g4 Rd5 26. Rxd5 exd5 27. Rd1
Rd8 28. Kg2 Kf7 29. f4 gxf4 30. Bxf4 Ke6 31. Kf3 Rf8 32. Ke3 c4 33. Bg3 Bc5+ 34.
Ke2 a5 35. a3 g6 36. h4 Rd8 37. Rf1 Rf8 38. Rd1 Be7 39. Rh1 b4 40. axb4 axb4 41.
h5 bxc3 42. bxc3 Ra8 43. hxg6 hxg6 44. Rd1 Ra2+ 45. Rd2 Rxd2+ 46. Kxd2 Bc5 47.
Ke2 d4 48. cxd4 Bxd4 49. Kf3 Bxe5 50. Be1 Kd5 51. Ke3 Bd4+ 52. Kd2 Ke4 53. Ke2
Be5 54. Bd2 c3 55. Bc1 Bf4 0-1

[Event "Titled Tue 3rd Jan Late"]
[Site "chess.com INT"]
[Date "2025.06.03"]
[Round "3"]
[White "Bian, Alex"]
[Black "Leiva, Gianmarco"]
[Result "0-1"]
[WhiteTitle "FM"]
[BlackTitle "IM"]
[WhiteElo "2342"]
[BlackElo "2387"]
[WhiteFideId "2056372"]
[BlackFideId "3804399"]
[EventDate "2025.06.03"]

1. e4 c5 2. Nf3 d6 3. d4 cxd4 4. Nxd4 Nf6 5. Nc3 a6 6. Bg5 e6 7. f4 Qb6 8. Qd2
Qxb2 9. Rb1 Qa3 10. e5 dxe5 11. fxe5 Nfd7 12. Be2 Be7 13. Ne4 Bxg5 14. Qxg5 Qa5+
15. c3 Qxe5 16. Qh4 Nf6 17. Ng5 h6 18. Ngf3 Qe4 19. Qxe4 Nxe4 20. c4 Nd7 21. Bd3
Nec5 22. Bc2 b6 23. O-O Bb7 24. Rfe1 Bxf3 25. Nxf3 Ke7 26. Nd4 Rhc8 27. Nf5+ Kf8
28. Nd6 Rc6 29. Rbd1 Ra7 30. Ne4 Nxe4 31. Rxe4 Nf6 32. Red4 Ke7 33. Ba4 Rc5 34.
Kf2 Rac7 35. Bb3 Rd7 36. Ke3 Re5+ 37. Kf4 Rf5+ 38. Kg3 Rxd4 39. Rxd4 Nd7 40. Ba4
Nc5 41. Bc6 Rf1 42. Rd2 Rc1 43. Rd4 Rc3+ 44. Kf2 Rc2+ 45. Kg3 Rxa2 46. h4 Ra3+
47. Kf4 Rd3 48. Rxd3 Nxd3+ 49. Ke3 Ne5 50. Bb7 Nxc4+ 51. Kd4 Nd6 52. Bxa6 Nf5+
53. Ke4 Nxh4 54. g3 Nf5 55. g4 Nd6+ 56. Kf4 f6 57. Bd3 g5+ 58. Ke3 f5 59. Kd4
Kf6 60. gxf5 exf5 61. Kd5 Nf7 62. Kc6 Ne5+ 63. Kxb6 Nxd3 64. Kb5 Ke5 65. Kc4 Ke4
66. Kc3 Ke3 67. Kc4 f4 68. Kd5 f3 0-1

[Event "Titled Tue 3rd Jan Late"]
[Site "chess.com INT"]
[Date "2025.06.03"]
[Round "3"]
[White "Bustelo, Tabare"]
[Black "Ferrara, Enzo"]
[Result "0-1"]
[WhiteTitle "CM"]
[WhiteElo "2043"]
[BlackElo "2138"]
[WhiteFideId "3000362"]
[BlackFideId "137731"]
[EventDate "2025.06.03"]

1. d4 f5 2. e4 fxe4 3. f3 d5 4. Nc3 Nf6 5. Bg5 g6 6. Bxf6 exf6 7. fxe4 dxe4 8.
Nxe4 Bh6 9. Bc4 Qe7 10. Qe2 Nd7 11. Nf3 Rf8 12. O-O f5 13. Neg5 Qxe2 14. Bxe2
Nb6 15. Nxh7 Rh8 16. Nhg5 Ke7 17. Rae1 Kf6 18. h4 Bd7 19. c4 Bxg5 20. hxg5+ Kg7
21. d5 Rae8 22. Bd3 Na4 23. b3 Nc5 24. Bb1 c6 25. Ne5 cxd5 26. Nxd7 Nxd7 27.
cxd5 Kf7 28. Rc1 Rc8 29. b4 Ke7 30. a4 Kd6 31. Ba2 Ne5 32. Rxc8 Rxc8 33. Rf2
Rc1+ 34. Rf1 Rc2 35. Bb3 Rb2 36. Bd1 Rxb4 37. Kh2 Rd4 38. Bb3 Rd3 39. Rb1 Ng4+
40. Kg1 Rd2 41. a5 Ke5 42. a6 bxa6 43. Re1+ Kf4 44. Bc4 Kxg5 45. Bxa6 Kh4 46.
Bb7 f4 47. Rb1 g5 48. Bc6 Ne3 49. Ra1 Rxg2+ 50. Kh1 Rd2 51. Rxa7 Kg3 52. Ra1 f3 0-1

[Event "Titled Tue 3rd Jan Late"]
[Site "chess.com INT"]
[Date "2025.06.03"]
[Round "3"]
[White "Fedorov, Artem Alek"]
[Black "Ambartsumova, Karina"]
[Result "0-1"]
[WhiteTitle "CM"]
[BlackTitle "IM"]
[WhiteElo "2198"]
[BlackElo "2403"]
[WhiteFideId "34418431"]
[BlackFideId "4166299"]
[EventDate "2025.06.03"]

1. e4 c5 2. Nf3 a6 3. g3 Nc6 4. Bg2 Nf6 5. e5 Ng4 6. Qe2 Qc7 7. d4 cxd4 8. Bf4
Qa5+ 9. Nbd2 h6 10. h3 Nxf2 11. Qxf2 g5 12. O-O gxf4 13. gxf4 d6 14. exd6 Bd7
15. Nb3 Qb6 16. dxe7 Bxe7 17. Nfxd4 Nxd4 18. Qxd4 Qxd4+ 19. Nxd4 O-O-O 20. Kh2
Kc7 21. Rad1 Bf6 22. c3 Rhe8 23. Rd2 Re3 24. Rfd1 Ba4 25. Rf1 Bxd4 26. cxd4 b6
27. Rc1+ Kd6 28. Rc3 Re1 29. Kg3 Rde8 30. Kf2 Ra1 31. a3 Rae1 32. Bf3 Bb5 33. b3
Rf1+ 34. Kg3 Rg8+ 35. Kh4 f5 36. Rg2 Rxg2 37. Bxg2 Rxf4+ 38. Kg3 Rxd4 39. Rf3
Ke5 40. Re3+ Kf6 41. a4 f4+ 42. Kf2 fxe3+ 43. Kxe3 Rb4 44. axb5 Rxb5 45. Kd4
Rxb3 46. Bf1 Rb2 47. Bxa6 Kg5 48. Bc8 Kh4 49. Kc3 Rh2 50. Kb4 Rxh3 51. Bxh3 Kxh3
52. Kb5 Kg3 53. Kxb6 h5 54. Kc5 h4 55. Kb4 h3 56. Kb5 h2 57. Kc5 h1=Q 58. Kb4
Qd5 59. Kc3 Qe4 60. Kb3 Qd4 61. Kc2 Qe3 62. Kb2 Qd3 63. Ka2 Qb5 64. Ka3 Kf3 65.
Ka2 Ke3 66. Ka3 Kd3 67. Ka2 Kc2 68. Ka3 Qb3# 0-1

[Event "Titled Tue 3rd Jan Late"]
[Site "chess.com INT"]
[Date "2025.06.03"]
[Round "3"]
[White "Hadzovic, Amir"]
[Black "Gabrielian, Artur"]
[Result "0-1"]
[WhiteTitle "FM"]
[BlackTitle "GM"]
[WhiteElo "2354"]
[BlackElo "2419"]
[WhiteFideId "14402300"]
[BlackFideId "4131002"]
[EventDate "2025.06.03"]

1. e4 c5 2. Nc3 Nc6 3. f4 g6 4. Nf3 Bg7 5. a3 e6 6. b4 d5 7. e5 b6 8. Nb5 Nh6 9.
Nd6+ Kf8 10. d4 c4 11. Ng5 f6 12. Nf3 Nf7 13. Nxf7 Kxf7 14. exf6 Bxf6 15. b5 Ne7
16. Ne5+ Kg7 17. g4 Bh4+ 18. Ke2 Bf6 19. Be3 a6 20. bxa6 Rxa6 21. h4 Qd6 22. h5
Rxa3 23. Rxa3 Qxa3 24. h6+ Kf8 25. Bh3 Ke8 26. Qb1 Qa6 27. g5 Bxe5 28. dxe5 Rf8
29. Qa1 c3+ 30. Kf2 Qc4 31. Rb1 Rxf4+ 32. Bxf4 Qxf4+ 33. Kg1 Qe3+ 34. Kh2 Qxe5+
35. Kh1 Qe4+ 36. Bg2 Qh4+ 37. Kg1 Qd4+ 38. Kh1 Qh4+ 39. Kg1 Qxg5 40. Qxc3 Qxh6
41. Rxb6 Qc1+ 42. Kh2 Qf4+ 43. Kg1 Kf7 44. Rb4 Qc1+ 45. Kh2 Bd7 46. Rh4 h5 47.
Rh3 Qf4+ 48. Kh1 Nf5 49. Rf3 Qh4+ 50. Kg1 Qf6 51. Qc7 Qd4+ 52. Kh2 Ke7 53. c3
Qh4+ 54. Kg1 Qe1+ 55. Kh2 h4 56. Qf4 Qe4 57. Qg5+ Kd6 58. Qxg6 Qe5+ 59. Kg1 Ng3
60. Qh7 Ne2+ 61. Kh1 Nf4 0-1

[Event "Titled Tue 3rd Jan Late"]
[Site "chess.com INT"]
[Date "2025.06.03"]
[Round "3"]
[White "Erdogmus, Yagiz Kaan"]
[Black "Dudin, Gleb"]
[Result "1-0"]
[WhiteTitle "GM"]
[BlackTitle "GM"]
[WhiteElo "2618"]
[BlackElo "2564"]
[WhiteFideId "44599790"]
[BlackFideId "34184934"]
[EventDate "2025.06.03"]

1. b3 d5 2. Bb2 Bf5 3. d3 e6 4. Nd2 h6 5. e4 Bh7 6. Qe2 c6 7. f4 a5 8. a3 Nf6 9.
Ngf3 Be7 10. g3 O-O 11. Bh3 a4 12. b4 c5 13. b5 c4 14. Bd4 cxd3 15. cxd3 dxe4
16. dxe4 Nbd7 17. O-O Nc5 18. Bxc5 Bxc5+ 19. Kh1 Qe7 20. e5 Nd5 21. Nc4 Rfd8 22.
Rfc1 Nb6 23. Nxb6 Bxb6 24. Bg2 Bd3 25. Qb2 Ra5 26. Qb4 Qxb4 27. axb4 Ra7 28. Rd1
Bxb5 29. Rxd8+ Bxd8 30. Nd4 Bc4 31. Nc2 b5 32. Na3 Rc7 33. Bf1 Bxf1 34. Rxf1 Rb7
35. Rd1 Be7 36. Rd4 Rc7 37. Nxb5 Rb7 38. Nd6 Rb6 39. Nc8 Rb7 40. Nxe7+ Rxe7 41.
Rd8+ Kh7 42. Ra8 Rc7 43. Rxa4 Rc2 44. Ra7 Kg6 45. b5 Rb2 46. Rb7 h5 47. b6 f6
48. Rb8 Kf5 49. exf6 gxf6 50. b7 Ke4 51. h3 Kf3 52. g4 hxg4 53. hxg4 Kxf4 54. g5
Kf5 55. gxf6 Rb1+ 56. Kg2 Rb2+ 57. Kf1 1-0

[Event "Titled Tue 3rd Jan Late"]
[Site "chess.com INT"]
[Date "2025.06.03"]
[Round "3"]
[White "Drozdowski, Kacper"]
[Black "Tatarinov, Dmitry"]
[Result "1/2-1/2"]
[WhiteTitle "IM"]
[BlackTitle "FM"]
[WhiteElo "2450"]
[BlackElo "2344"]
[WhiteFideId "1136720"]
[BlackFideId "24160067"]
[EventDate "2025.06.03"]

1. e4 e5 2. Nf3 Nc6 3. Bc4 Nf6 4. d3 Bc5 5. c3 d6 6. Bb3 O-O 7. h3 a5 8. Nbd2
Be6 9. Nf1 Re8 10. Ng3 h6 11. Nh2 b5 12. Ng4 a4 13. Bc2 d5 14. Qf3 Bxg4 15. hxg4
a3 16. b4 Bxb4 17. cxb4 Nxb4 18. Bb3 dxe4 19. dxe4 Qd4 20. Rb1 Nd3+ 21. Ke2 Nf4+
22. Kf1 c5 23. Nf5 Qxe4 24. Qxe4 Nxe4 25. g3 Nc3 26. Ra1 Ne6 27. Bd2 Ne4 28. Be3
c4 29. Bc2 Nc3 30. Bd2 Na4 31. Rb1 Red8 32. Bb4 Nd4 33. Be4 Rab8 34. Kg2 c3 35.
Rhc1 Ne2 36. Re1 Nd4 37. Rbc1 g6 38. Ne7+ Kg7 39. Bxc3 Nxc3 40. Rxc3 b4 41. Rd3
b3 42. axb3 Nxb3 43. Rxd8 Rxd8 44. Bd5 Rxd5 45. Nxd5 a2 46. Nb6 a1=Q 47. Rxa1
Nxa1 48. Nd7 f6 49. f4 exf4 50. gxf4 Nb3 51. Kf3 Nd4+ 52. Ke4 Ne6 53. Nb6 Kf7
54. Nd5 Nc5+ 55. Kf3 Ke6 56. Nc7+ Kd6 57. Nb5+ Kd5 58. Nc3+ Kd4 59. Ne2+ Kd3 60.
Ng3 Ne6 61. f5 Nd4+ 62. Kf2 gxf5 63. gxf5 Nc2 64. Nh5 Ke4 65. Nxf6+ Kxf5 66. Nd5
h5 67. Kg3 Nd4 68. Kh4 Ne6 69. Kxh5 1/2-1/2